Juraj Šimon a jeho láska k drevu reportáž o drevorezbárovi bábok

Bibliographic Details
Main Author: Žabková, Soňa, 1969- (Author)
Format: Article
Language:Slovak
ISSN:1335-4515
Subjects:

MARC

LEADER 00000nab a2200000 ar4500
001 vtls008853636
003 SK-MaSNL
005 20260303062237.0
008 061010c2006 xo mr|p|||||||000 b|slo
015 |a SNBRB2006/10  |2 snkbucl 
038 |a SNKBUCL 
040 |a SNKBUCL  |b slo  |c SNKBUCL  |e AACR2 
041 0 |a slo 
044 |a xo  |c SK 
080 |a 745.51.051.1  |2 UDC-MRF-SK2 
100 1 |a Žabková, Soňa,  |d 1969-  |4 aut  |9 109981 
245 1 0 |a Juraj Šimon a jeho láska k drevu  |b reportáž o drevorezbárovi bábok  |c Soňa Žabková 
600 1 7 |a Šimon, Juraj  |2 snkbucl  |9 669098 
650 0 7 |a drevorezbárstvo  |2 snkbucl  |9 3043 
773 0 |t Národná osveta  |g Roč. XVI, č. 8-9 (2006), s. 47-48  |x 1335-4515 
852 |a SNK  |b KIS3GCP 
958 |a BX 
999 |c 1738513  |d 1740443